[Event "IECG CN.2000.0.00205"]
[Site "IECG email"]
[Date "2000.07.20"]
[Round "?"]
[White "Omura, Shin Ichi"]
[Black "Howard, Will"]
[Result "1-0"]
[WhiteElo "813"]
[BlackElo "800"]
[PlyCount "89"]
[EventDate "2000.07.20"]
[EventType "tourn (corr)"]
[EventRounds "6"]
[SourceTitle "Corr 2008"]
[Source "ChessBase"]
[SourceDate "2008.06.24"]
[SourceVersion "1"]
[SourceVersionDate "2008.06.24"]
[SourceQuality "1"]

1. e4 c5 2. Nf3 Nc6 3. Bb5 Nd4 4. Nxd4 cxd4 5. 0-0 Nf6 6. e5 a6 7. exf6 axb5 8. fxe7 Bxe7 9. Qg4 0-0 10. Qxd4 Bf6 11. Qb4 Qb6 12. Nc3 Qc6 13. Re1 b6 14. Qxb5 Bb7 15. Qxc6 Bxc6 16. d3 Rfe8 17. Rxe8+ Rxe8 18. Be3 b5 19. a3 d5 20. d4 h6 21. Kf1 Bd8 22. Na2 Bc7 23. Nb4 Bb7 24. h3 Rc8 25. Nd3 f5 26. Re1 Re8 27. h4 Ba5 28. c3 h5 29. f3 Bd8 30. g3 Bc7 31. Kf2 Re7 32. Rg1 Kf7 33. Bf4 Ba5 34. Be5 g6 35. Ke3 Ke8 36. g4 Bc8 37. gxh5 gxh5 38. Rg8+ Kf7 39. Rxc8 Re8 40. Rxe8 Kxe8 41. Kf4 Bd8 42. Kxf5 Bxh4 43. Nf4 Bg3 44. Nxh5 Bxe5 45. dxe5 1-0

[Event "IECG CN.2000.0.00205"]
[Site "IECG email"]
[Date "2000.07.20"]
[Round "?"]
[White "Tomlinson, Mark"]
[Black "Omura, Shin Ichi"]
[Result "0-1"]
[WhiteElo "800"]
[BlackElo "813"]
[PlyCount "50"]
[EventDate "2000.07.20"]
[EventType "tourn (corr)"]
[EventRounds "6"]
[SourceTitle "Corr 2008"]
[Source "ChessBase"]
[SourceDate "2008.06.24"]
[SourceVersion "1"]
[SourceVersionDate "2008.06.24"]
[SourceQuality "1"]

1. d4 Nf6 2. c4 c5 3. e3 g6 4. Nc3 Bg7 5. Nf3 0-0 6. Be2 cxd4 7. exd4 d5 8. 0-0 Nc6 9. h3 dxc4 10. Bxc4 Na5 11. Be2 Be6 12. Re1 Rc8 13. Bg5 Nc4 14. b3 Nb6 15. Rc1 Nfd5 16. Nxd5 Nxd5 17. Bc4 Qd6 18. Bxd5 Qxd5 19. Bxe7 Rfe8 20. Rxc8 Rxc8 21. Ba3 Qa5 22. Bc5 Qxa2 23. Qa1 Qxa1 24. Rxa1 Rxc5 25. Rxa7 Rb5 0-1

[Event "IECC CL7-2000.16"]
[Site "IECC email"]
[Date "2000.02.26"]
[Round "?"]
[White "Omura, Shin Ichi"]
[Black "Cravens, Earl"]
[Result "1-0"]
[WhiteElo "1104"]
[BlackElo "1133"]
[PlyCount "85"]
[EventDate "2000.??.??"]
[EventType "tourn (corr)"]
[EventRounds "4"]
[SourceTitle "Corr 2008"]
[Source "ChessBase"]
[SourceDate "2008.06.24"]
[SourceVersion "1"]
[SourceVersionDate "2008.06.24"]
[SourceQuality "1"]

1. e4 e5 2. Nf3 Nc6 3. Bb5 a6 4. Ba4 b5 5. Bb3 Bc5 6. c3 Bb6 7. d4 d6 8. Bd5 Bb7 9. dxe5 Nge7 10. e6 Nxd5 11. exf7+ Kxf7 12. Qxd5+ Kf8 13. Be3 Bxe3 14. fxe3 Na5 15. Qf5+ Qf6 16. Qxf6+ gxf6 17. Nbd2 Re8 18. 0-0 Nc4 19. Nxc4 bxc4 20. Nd4 Ke7 21. Rf4 Rhf8 22. Raf1 c5 23. Nf5+ Kd7 24. Rd1 Re6 25. Rh4 Bxe4 26. Rxd6+ Rxd6 27. Nxd6 Kxd6 28. Rxe4 Rb8 29. Rf4 Rxb2 30. Rxf6+ Ke5 31. Rxa6 Ke4 32. a4 Kxe3 33. Rf6 Ra2 34. Rf3+ Ke4 35. Rh3 Ra1+ 36. Kf2 Rxa4 37. Rxh7 Ra2+ 38. Kg3 Rc2 39. Re7+ Kd5 40. Re3 Rd2 41. h4 Rd3 42. Kf4 Kc6 43. Rxd3 1-0

[Event "IECC CL6-2000.08"]
[Site "IECC email"]
[Date "2000.01.27"]
[Round "?"]
[White "Omura, Shin Ichi"]
[Black "Zdziarski, Zbigniew"]
[Result "1-0"]
[WhiteElo "1086"]
[BlackElo "1250"]
[PlyCount "25"]
[EventDate "2000.??.??"]
[EventType "tourn (corr)"]
[EventRounds "4"]
[SourceTitle "Corr 2008"]
[Source "ChessBase"]
[SourceDate "2008.06.24"]
[SourceVersion "1"]
[SourceVersionDate "2008.06.24"]
[SourceQuality "1"]

1. e4 e5 2. Nf3 Nc6 3. Bb5 d6 4. d4 Bg4 5. d5 a6 6. Ba4 b5 7. dxc6 bxa4 8. c4 Bxf3 9. gxf3 Qb8 10. Qxa4 Qb6 11. Nc3 Ne7 12. Nd5 Qb8 13. b4 1-0

[Event "IECC Y2KO email"]
[Site "IECC email"]
[Date "1999.10.14"]
[Round "?"]
[White "Kelgiorgis, Dionysios"]
[Black "Omura, Shin Ichi"]
[Result "1-0"]
[WhiteElo "1816"]
[BlackElo "1086"]
[PlyCount "55"]
[EventDate "1999.??.??"]
[EventType "tourn (corr)"]
[EventRounds "2"]
[SourceTitle "Corr 2008"]
[Source "ChessBase"]
[SourceDate "2008.06.24"]
[SourceVersion "1"]
[SourceVersionDate "2008.06.24"]
[SourceQuality "1"]

1. d4 Nf6 2. c4 g6 3. Nc3 d5 4. cxd5 Nxd5 5. Na4 Bg7 6. e4 Nb6 7. Be3 0-0 8. Nf3 Bg4 9. Nc5 Nc6 10. Nxb7 Qc8 11. Ba6 Nb4 12. Qe2 Nxa6 13. Qxa6 Nd7 14. Nc5 Nxc5 15. Qxc8 Rfxc8 16. dxc5 c6 17. Nd4 a5 18. f3 Bd7 19. Kf2 f5 20. exf5 gxf5 21. Rad1 e5 22. Ne2 Be6 23. Nc3 Kf7 24. Na4 Rd8 25. b3 Ke7 26. Nb6 Rxd1 27. Rxd1 Rd8 28. Bg5+ 1-0

[Event "IECG CP.1999.P.00051"]
[Site "IECG email"]
[Date "1999.10.01"]
[Round "?"]
[White "Buese, Ralf"]
[Black "Omura, Shin Ichi"]
[Result "1-0"]
[WhiteElo "2044"]
[BlackElo "800"]
[PlyCount "85"]
[EventDate "1999.10.01"]
[EventType "tourn (corr)"]
[EventRounds "6"]
[EventCountry "GER"]
[SourceTitle "Corr 2008"]
[Source "ChessBase"]
[SourceDate "2008.06.24"]
[SourceVersion "1"]
[SourceVersionDate "2008.06.24"]
[SourceQuality "1"]

1. Nf3 d5 2. g3 Nf6 3. Bg2 c6 4. 0-0 Bg4 5. d3 Nbd7 6. Nbd2 e5 7. h3 Bh5 8. e4 Bd6 9. Qe1 0-0 10. Nh4 Re8 11. Nb3 a5 12. Nf5 Bb4 13. c3 Bf8 14. a4 h6 15. Be3 b6 16. Nh4 Rc8 17. g4 Bg6 18. Nxg6 fxg6 19. f4 Bd6 20. f5 g5 21. Qf2 d4 22. cxd4 exd4 23. Nxd4 Nc5 24. Rfd1 Be5 25. Nf3 Ncd7 26. Nxe5 Rxe5 27. Qc2 c5 28. d4 cxd4 29. Qb3+ Kh7 30. Bxd4 Qc7 31. Bxe5 Qxe5 32. Rac1 Rxc1 33. Rxc1 Qd4+ 34. Kh1 Ne5 35. Qc3 Qd6 36. Kg1 Nfd7 37. b3 Nc5 38. Qe3 Ned3 39. Rd1 Qf4 40. Rxd3 Nxd3 41. Qxd3 Qc1+ 42. Bf1 Qc5+ 43. Kg2 1-0

[Event "IECG CP.1999.P.00051"]
[Site "IECG email"]
[Date "1999.10.01"]
[Round "?"]
[White "Burke, Michael"]
[Black "Omura, Shin Ichi"]
[Result "1-0"]
[WhiteElo "1035"]
[BlackElo "800"]
[PlyCount "111"]
[EventDate "1999.10.01"]
[EventType "tourn (corr)"]
[EventRounds "6"]
[EventCountry "GER"]
[SourceTitle "Corr 2008"]
[Source "ChessBase"]
[SourceDate "2008.06.24"]
[SourceVersion "1"]
[SourceVersionDate "2008.06.24"]
[SourceQuality "1"]

1. d4 Nf6 2. Bg5 Ne4 3. h4 c5 4. d5 g6 5. Nd2 Nxg5 6. hxg5 Bg7 7. c3 b5 8. e4 Qb6 9. Ngf3 d6 10. Qc2 e5 11. Be2 a5 12. a4 Bd7 13. Bxb5 Bxb5 14. axb5 Qxb5 15. Qa4 Qxa4 16. Rxa4 0-0 17. Nc4 Rd8 18. Rxa5 Rxa5 19. Nxa5 Rc8 20. Nc4 Bf8 21. Ke2 Na6 22. Ra1 Nc7 23. Ra7 Ne8 24. Nh2 h6 25. gxh6 Bxh6 26. Ng4 Bf8 27. Kf3 Rd8 28. Nb6 f5 29. exf5 gxf5 30. Ne3 Ng7 31. g4 fxg4+ 32. Kxg4 Ne8 33. b4 cxb4 34. cxb4 Rb8 35. Nec4 Rd8 36. b5 Rb8 37. f4 exf4 38. Kxf4 Bg7 39. Kf5 Bd4 40. Ra8 Rxa8 41. Nxa8 Nf6 42. Ke6 Kg7 43. Nxd6 Kg6 44. Nc4 Ne4 45. b6 Nc5+ 46. Kd6 Ne4+ 47. Kc6 Bxb6 48. Ncxb6 Kf7 49. Nc8 Kf6 50. Nd6 Ng5 51. Nc7 Ke5 52. Nc4+ Kf6 53. d6 Nf7 54. d7 Ke7 55. Nd5+ Kd8 56. Nf6 1-0

[Event "IECG CP.1999.P.00051"]
[Site "IECG email"]
[Date "1999.10.01"]
[Round "?"]
[White "Omura, Shin Ichi"]
[Black "Naumovic, Jovan"]
[Result "0-1"]
[WhiteElo "800"]
[BlackElo "2223"]
[PlyCount "60"]
[EventDate "1999.10.01"]
[EventType "tourn (corr)"]
[EventRounds "6"]
[EventCountry "GER"]
[SourceTitle "Corr 2008"]
[Source "ChessBase"]
[SourceDate "2008.06.24"]
[SourceVersion "1"]
[SourceVersionDate "2008.06.24"]
[SourceQuality "1"]

1. e4 e6 2. d4 d5 3. Nd2 c5 4. exd5 Qxd5 5. Ngf3 cxd4 6. Bc4 Qd6 7. 0-0 Nc6 8. Ne4 Qb4 9. Bb3 Be7 10. Qd3 Nf6 11. Bd2 Qb6 12. Rad1 e5 13. Nfg5 Nxe4 14. Qxe4 Bxg5 15. Bxg5 f6 16. Bh4 Ne7 17. Ba4+ Kf8 18. Bb3 Bf5 19. Qf3 Rc8 20. Rc1 h5 21. Bd5 g5 22. Bxg5 fxg5 23. Be4 g4 24. Qd3 Bxe4 25. Qxe4 Ng6 26. c3 Kg7 27. cxd4 Rxc1 28. Rxc1 exd4 29. Rc2 Rd8 30. Rd2 Qc6 0-1